Căn bản tiếng Anh cho người làm kiến trúc và xây dựng
Sparad:
| Huvudupphovsman: | |
|---|---|
| Materialtyp: | Bok |
| Språk: | Undetermined |
| Publicerad: |
Hà Nội
Xây dựng
1995
|
| Ämnen: | |
| Taggar: |
Lägg till en tagg
Inga taggar, Lägg till första taggen!
|
| Thư viện lưu trữ: | Trung tâm Học liệu Trường Đại học Cần Thơ |
|---|
| LEADER | 00613nam a2200181Ia 4500 | ||
|---|---|---|---|
| 001 | CTU_4438 | ||
| 008 | 210402s9999 xx 000 0 und d | ||
| 082 | |a 624 | ||
| 082 | |b H116 | ||
| 100 | |a Tống Phước Hằng | ||
| 245 | 0 | |a Căn bản tiếng Anh cho người làm kiến trúc và xây dựng | |
| 245 | 0 | |c Tống Phước Hằng | |
| 260 | |a Hà Nội | ||
| 260 | |b Xây dựng | ||
| 260 | |c 1995 | ||
| 650 | |a civil engineering,english language - terminology | ||
| 904 | |i Nguyễn Quang Điền, 960619 | ||
| 980 | |a Trung tâm Học liệu Trường Đại học Cần Thơ | ||